000 00708cab a2200193 4500
001 ##L133065
008 060406n2006 000 0 eng u
035 _a(Sirsi) u133065
041 0 _aeng
100 1 _aMoore, Paul
245 0 4 _aThe cost of living
260 _c2006
490 _aProperty Week
_v71(13) 31 March 2006, 54(1)
520 _aProvides data on flat development costs including benchmark costs of high-quality flat schemes across the country and average elemental costs of high-quality London flats. Assesses the changes in the private residential flat development market.
590 _aIKA110406
690 _aBUILT ENVIRONMENT-BUILDING COSTS
700 1 _aFarmer, Mark
942 _n0
999 _c76784
_d76784